Ain't No Rest for the Wicked Lyrics Quiz - Statistics

General Stats
  • This quiz has been taken 152 times
  • The average score is 382 of 468
Answer Stats
Lyrics % Correct
a
99%
I
99%
the
99%
The
99%
do
97%
on
97%
go
94%
Who
94%
ain't
93%
for
93%
no
93%
pay
93%
rest
93%
wicked
93%
Wicked
93%
you
93%
You
93%
then
92%
to
92%
was
92%
don't
91%
down
91%
eye
91%
grow
91%
in
91%
Money
91%
money
91%
said
91%
saw
91%
She
91%
she
91%
try
91%
when
91%
When
91%
got
90%
there
90%
There
90%
walking
90%
an
89%
bills
89%
could
89%
doesn't
89%
me
89%
of
89%
street
89%
and
88%
And
88%
be
88%
feed
88%
little
88%
mouths
88%
my
88%
pretty
88%
this
88%
trees
88%
your
88%
thing
87%
corner
86%
even
86%
man
86%
Not
86%
not
86%
out
86%
can
85%
If
85%
if
85%
right
85%
free
84%
price
84%
world
84%
nothing
83%
what
83%
What
83%
approaching
82%
he
82%
He
82%
know
82%
we
82%
We
82%
all
81%
evening
81%
I've
81%
nice
81%
so
81%
way
81%
can't
80%
good
80%
will
80%
at
79%
But
79%
alone
78%
close
78%
looked
78%
wish
78%
back
77%
eyes
77%
never
77%
our
77%
company
76%
is
76%
life
76%
yourself
76%
seen
75%
until
75%
Until
75%
use
74%
want
74%
won't
74%
it
73%
slow
73%
gun
72%
looks
72%
minutes
72%
shadow
72%
up
72%
head
71%
later
71%
Oh
71%
such
71%
think
71%
fifteen
70%
sweet
70%
hold
69%
twice
69%
you're
69%
Give
68%
made
68%
make
68%
Though
68%
looking
67%
move
67%
put
66%
send
66%
from
65%
sight
65%
wasn't
65%
clear
64%
ask
63%
cash
63%
creep
63%
doesn't
63%
fight
63%
have
63%
Why'd
62%
young
61%
live
59%
still
57%
behind
56%
church
56%
first
54%
you've
54%
comprehend
53%
couldn't
53%
TV
53%
dollar
52%
preacher
52%
him
49%
I'm
48%
say
48%
told
48%
news
47%
righteous
47%
Well
47%
with
47%
turned
46%
day
45%
his
45%
almost
44%
coming
43%
type
43%
cuffs
42%
house
42%
Because
41%
end
41%
now
41%
account
40%
bank
40%
over
40%
swept
40%
same
39%
we're
39%
flipped
38%
He'd
38%
much
38%
stuffed
38%
sitting
37%
taken
37%
winding
37%
couple
36%
seek
36%
hours
35%
satisfy
34%
thrills
32%
those
31%
yes
31%
passed
27%
Yeah
27%
No matching quizzes found
Score Distribution
Percent of People with Each Score
Percentile by Number Answered
Your Score History
You have not taken this quiz